The seven deadly skills of management/ (Record no. 7815)

MARC details
000 -LEADER
fixed length control field 00528nam a22001817a 4500
003 - CONTROL NUMBER IDENTIFIER
control field OSt
005 - DATE AND TIME OF LATEST TRANSACTION
control field 20260126072743.0
008 - FIXED-LENGTH DATA ELEMENTS--GENERAL INFORMATION
fixed length control field 260126b |||||||| |||| 00| 0 eng d
020 ## - INTERNATIONAL STANDARD BOOK NUMBER
International Standard Book Number 981-4040-45-2
040 ## - CATALOGING SOURCE
Original cataloging agency DWC-Main Lib.
Transcribing agency OC
082 ## - DEWEY DECIMAL CLASSIFICATION NUMBER
Classification number Circ. 658.4 J775s 1999
100 ## - MAIN ENTRY--PERSONAL NAME
Personal name Jay, Ros
245 ## - TITLE STATEMENT
Title The seven deadly skills of management/
Statement of responsibility, etc. Ros Jay
260 ## - PUBLICATION, DISTRIBUTION, ETC.
Place of publication, distribution, etc. London :
Name of publisher, distributor, etc. International Thomson business press,
Date of publication, distribution, etc. c1999.
300 ## - PHYSICAL DESCRIPTION
Extent 135 p. ;
Dimensions 23 cm.
500 ## - GENERAL NOTE
General note Include index.
942 ## - ADDED ENTRY ELEMENTS (KOHA)
Source of classification or shelving scheme Dewey Decimal Classification
Koha item type Book Circulation
Classification part Circ.
Suppress in OPAC No
952 ## - LOCATION AND ITEM INFORMATION (KOHA)
--
952 ## - LOCATION AND ITEM INFORMATION (KOHA)
--
952 ## - LOCATION AND ITEM INFORMATION (KOHA)
--
Holdings
Withdrawn status Lost status Source of classification or shelving scheme Damaged status Not for loan Home library Current library Shelving location Date acquired Source of acquisition Cost, normal purchase price Total Checkouts Full call number Barcode Date last seen Copy number Price effective from Koha item type Uniform Resource Identifier
    Dewey Decimal Classification     College Library College Library Circulation 02/04/2003 School Fund 115.00   Circ. 658.4 J775s 1999 CL37035 01/26/2026 c1 01/26/2026 BK-CIRC
    Dewey Decimal Classification     College Library College Library Circulation 02/04/2003 School Fund 115.00   Circ. 658.4 J775s 1999 CL37036 01/26/2026 c2 01/26/2026 BK-CIRC
    Dewey Decimal Classification     College Library College Library Circulation 02/04/2003 School Fund 115.00   Circ. 658.4 J775s 1999 CL37037 01/26/2026 c3 01/26/2026 BK-CIRC